Niektoré praktické aspekty výučby akademického počúvania výstup z projektu KEGA č. 514

Prehľad niektorých praktických aspektov výučby akademického počúvania. Efektívne zvládnutie akademického počúvania a dôkladné a systematické precvičovanie niektorých zručností. Vedomosti, ktoré pomáhajú lepšie porozumieť prednáškam.

Gespeichert in:
Bibliographische Detailangaben
1. Verfasser: Zsapková, Eleonóra
Format: Buchkapitel
Sprache:Slowakisch
Schlagworte:
Tags: Tag hinzufügen
Keine Tags, Fügen Sie das erste Tag hinzu!

MARC

LEADER 00000nla a2200000 4500
001 0194392
005 20240530101621.8
041 0 |a slo 
044 |a SK 
245 1 0 |a Niektoré praktické aspekty výučby akademického počúvania  |b výstup z projektu KEGA č. 514  |c Eleonóra Zsapková 
520 |a Prehľad niektorých praktických aspektov výučby akademického počúvania. Efektívne zvládnutie akademického počúvania a dôkladné a systematické precvičovanie niektorých zručností. Vedomosti, ktoré pomáhajú lepšie porozumieť prednáškam. 
610 2 0 |a vzdelávanie vysokoškolské 
610 2 0 |a zručnosti 
610 2 0 |a vedomosti 
610 2 0 |a kurzy 
610 2 0 |a študenti 
610 2 0 |a prednášky 
100 1 |a Zsapková, Eleonóra